NHL Coaches Quiz - Statistics

General Stats
  • This quiz has been taken 703 times
    286 since last reset
  • The average score is 12 of 31
Answer Stats
Hint Answer % Correct
New York Islanders Barry Trotz
67%
Columbus Blue Jackets John Tortorella
65%
Toronto Maple Leafs Mike Babcock
64%
Tampa Bay Lightning Jon Cooper
61%
Winnipeg Jets Paul Maurice
57%
Pittsburgh Penguins Mike Sullivan
54%
Montréal Canadiens Claude Julien
53%
Nashville Predators Peter Laviolette
53%
Carolina Hurricanes Rod Brind'Amour
52%
Vegas Golden Knights Gerard Gallant
49%
Chicago Blackhawks Joel Quenneville
49%
Boston Bruins Bruce Cassidy
48%
Minnesota Wild Bruce Boudreau
40%
San Jose Sharks Peter DeBoer
39%
Anaheim Ducks Randy Carlyle
37%
Colorado Avalanche Jared Bednar
33%
Vancouver Canucks Travis Green
33%
Arizona Coyotes Rick Tocchet
32%
St. Louis Blues Mike Yeo
31%
Calgary Flames Bill Peters
29%
Ottawa Senators Guy Boucher
29%
Edmonton Oilers Todd McLellan
29%
Detroit Red Wings Jeff Blashill
27%
Dallas Stars Jim Montgomery
27%
New Jersey Devils John Hynes
27%
New York Rangers David Quinn
26%
Buffalo Sabres Phil Housley
26%
Philadelphia Flyers Dave Hakstol
22%
Washington Capitals Todd Reirden
20%
Los Angeles Kings John Stevens
19%
Florida Panthers Bob Boughner
17%
No matching quizzes found
Score Distribution
Percent of People with Each Score
Percentile by Number Answered
Your Score History
You have not taken this quiz since the last reset